KOHA-Header-6

Developing Decision- Making Skills For Business (Record no. 413)

000 -LEADER
fixed length control field 00339nam a2200121Ia 4500
008 - FIXED-LENGTH DATA ELEMENTS--GENERAL INFORMATION
fixed length control field 190722s9999 xx 000 0 und d
020 ## - INTERNATIONAL STANDARD BOOK NUMBER
International Standard Book Number 978-81-203-2302-5
100 ## - MAIN ENTRY--PERSONAL NAME
Personal name Julian L. Simon
245 #0 - TITLE STATEMENT
Title Developing Decision- Making Skills For Business
260 ## - PUBLICATION, DISTRIBUTION, ETC. (IMPRINT)
Place of publication, distribution, etc New Delhi
Name of publisher, distributor, etc Prentice-Hall Of India Pvt. Ltd.
Date of publication, distribution, etc 2007
300 ## - PHYSICAL DESCRIPTION
Extent 229
942 ## - ADDED ENTRY ELEMENTS (KOHA)
Koha item type Books
Holdings
Withdrawn status Lost status Damaged status Not for loan Collection code Permanent Location Current Location Shelving location Date acquired Full call number Barcode Date last seen Price effective from Koha item type
        Business MAJU MAJU   2019-07-22 158.7 7039 2019-07-22 2019-07-22 Business

Powered by Koha